Регионална библиотека "Любен Каравелов" - Русе

Път на възход (Запис номер 447098)

MARC детайли
000 -Лидер
Контролно поле с фиксирана дължина 01244nam a2200241 a 4500
003 - Код на организацията, давaща контролен номер
Контролно поле BLK
005 - Дата и час на последна редакция
Контролно поле 20230628142534.0
008 - Елементи от данни с фиксирана дължина
fixed length control field 220302b bu |||||r|||| 00| | bu d
040 ## - Източник на каталожния запис
Идентификатор на билиотеката - собственик на записа BLK
041 ## - Код за език
Код за езика на текст/звукозапис или на отделно заглавие Български
Код за езика КДБФ Български
080 ## - УДК
Текстов определител УДК Професии. Професионални проблеми - Видове професии, професионални групи. Професионално ориентиране и др. Подразделят се със съотношение (331.54:023 - Библиотекарска професия)
УДК код - определител по УДК 331.54
УДК определител (497.215)(062)
УДК - код + определител 331.54(497.215)(062)
139 ## - Редно поле
Редна дума Път на възход
Авторски знак Път - П 98
245 ## - Сведения за заглавието
Заглавие Път на възход
Подзаглавни данни 1976-1980-1990
Физически носител (вид на носителя) [Малотир. изд.]
260 ## - Област на издателските данни
9 (RLIN) 441842
Място на издаване, разпространение и проч. Русе
Име на издателя, разпространителя и проч. б. и.
Година на издаване 1976
300 ## - Физическа характеристика
Страници 88 с.
Размери/Мащаб 22 см
380 ## - Жанр
Жанр Обществени науки
500 ## - Общи забележки
Забележка Изд. на Окр. народен съвет - Отд. "Народна просвета"<br/>Окр. методичен кабинет за училищно и професионално ориентиране - Русе
653 #7 - Ключова дума – ненормативна
9 (RLIN) 182091
Ключова дума БКП
653 #7 - Ключова дума – ненормативна
9 (RLIN) 194811
Ключова дума професионално ориентиране
852 ## - Местоположение
Фондова буква Краезнание
Систематично-азбучна сигнатура К 33/П 98
999 ## - СИСТЕМНИ КОНТРОЛНИ НОМЕРА
Koha biblionumber 447098
Koha biblioitemnumber 447098
942 ## - АРТИКУЛИ
Вид на библиотечния материал Книги
Скрит в OPAC Не
Периодичен библиозапис Да
Koha issues (borrowed), all copies 1
944 ## - СЪЗДАВАНЕ И РЕДАКЦИЯ на ЗАПИСА
Създаване/Редакция Създаване
Дата на регистрацията/редакция 2022-03-04
Служител, извършил регистрацията/редакцията К.Д.
Наличности
Код за отписване Код за изгубен артикул Източник на класификационната схема Код за повреда Коз за рестрикции Код за отдаване Артикулен № Име на библиотеката - собственик Име на библиотеката, в която се намира в момента Статус (Текущо местоположение) Дата на вписване в системата Местоположение - отдел Цена в лева Систематично азбучна сигнатура Баркод Цена в евро Служебен тип на артикула
  Не е изгубен Universal Decimal Classification Не е повреден само за читалня ползва се в читалня 874752 Регионална библиотека "Любен Каравелов" Русе Регионална библиотека "Любен Каравелов" Русе Краезнание 2022-03-10 Краезнание 2.00 К 33/П 98 120000867777 1.02 Книги
Vip Innovations Ltd, Rousse, Bulgaria 2025